Inventing the new American house : (Record no. 7523)

000 -LEADER
fixed length control field 03546cam a22002777i 4500
003 - CONTROL NUMBER IDENTIFIER
control field OSt
005 - DATE AND TIME OF LATEST TRANSACTION
control field 20200312073717.0
008 - FIXED-LENGTH DATA ELEMENTS--GENERAL INFORMATION
fixed length control field 141106t20152015nyuace b 001 0deng d
020 ## - INTERNATIONAL STANDARD BOOK NUMBER
International Standard Book Number 9781580934206
Qualifying information (hbk.)
020 ## - INTERNATIONAL STANDARD BOOK NUMBER
International Standard Book Number 1580933718
082 00 - DEWEY DECIMAL CLASSIFICATION NUMBER
Classification number 720.92
Edition number 23
Item number COH
100 1# - MAIN ENTRY--PERSONAL NAME
Personal name Cohen, Stuart Earl,
Dates associated with a name 1942-
Relator term author.
245 10 - TITLE STATEMENT
Title Inventing the new American house :
Remainder of title Howard Van Doren Shaw, architect /
Statement of responsibility, etc Stuart Cohen.
300 ## - PHYSICAL DESCRIPTION
Extent 248 pages :
Other physical details illustrations (some color), plans, portraits ;
Dimensions 30 cm
500 ## - GENERAL NOTE
General note "Including Concerning Howard Shaw in His Home / Frances Wells Shaw 1926"--Title page.
504 ## - BIBLIOGRAPHY, ETC. NOTE
Bibliography, etc Includes bibliographical references (pages 228-230) and index.
505 0# - FORMATTED CONTENTS NOTE
Formatted contents note Concerning Howard Shaw and his architecture -- Shaw-Atkinson House, Dorencote, Chicago, Illinois, 1894 -- Howard Van Doren Shaw House, Ragdale, Lake Forest, Illinois, 1897 -- John Burroughs Drake House, Chicago, Illinois, 1903 -- Arthur John Mason House, Chicago, Illinois, 1904 -- Joseph Medill Patterson House, Westwood Farm, Libertyville, Illinois, 1905 -- Edward Larned Ryerson Sr. House, Havenwood I, Lake Forest, Illinois, 1906 -- Augustus Albert Carpenter House, Lake Forest, Illinois, 1906 -- Edward Foster Swift House, Villa Hortensia, Lake Geneva, Wisconsin, 1906 -- Hubbard Carpenter House, Rehoboth, Lake Geneva, Wisconsin, 1906 -- Adolphus Clay Bartlett House, Lake Geneva, Wisconsin, 1907 -- Walter Stanton Brewster House, Covin Tree, Lake Forest, Illinois, 1907 -- Hugh Johnston McBirney House, House of the Four Winds, Lake Forest, Illinois, 1908 -- Charles Fernald House, Lake Forest, Illinois, 1908 -- Finley Barrell House, Lake Forest, Illinois, 1909 -- Walter Donald Douglas House, Walden, Deephaven, Minnesota, 1909 -- E. Norman Scott House, Lake Forest, Illinois, 1910 -- Charles Henry Hermann House, Glencoe, Illinois, 1911 -- Prentiss Loomis Coonley House, Lake Forest, Illinois, 1911 -- Edward Larned Ryerson Sr. House, Havenwood II, Lake Forest, Illinois, 1912 -- Arthur Hudson Marks House, Elmcourt, Akron, Ohio, 1912 -- Gustavus Franklin Swift Jr. House, Chicago, Illinois, 1913 -- Clayton Mark House, Lake Forest, Illinois, 1914 -- George Pick House, Highland Park, Illinois, 1915 -- William Vallandigham Kelley House, Stonebridge, Lake Bluff, Illinois, 1916 -- Peabody Estate Service Group, Hinsdale, Illinois, 1921 -- Abraham G. Becker House, Highland Park, Illinois, 1921 -- James Otis Hinkley House, Lake Forest, Illinois, 1923 -- John P. Wilson Jr. House, Chicago, Illinois, 1923 -- Clarence Hopkins King House, St. Louis, Missouri, 1923 -- Robert Patterson Lamont House, West View Farms, Lake Forest, Illinois, 1925 -- Chronological list of Shaw houses -- Concerning Howard Shaw in his home / Frances Wells Shaw.
520 ## - SUMMARY, ETC.
Summary, etc Howard Van Doren Shaw designed stately country houses in and around Chicago--from affluent Lake Forest, Illinois, and Lake Geneva, Wisconsin, to Iowa, Minnesota, Ohio, and Indiana--from 1894 to 1926, a period in American architecture that spanned the Gilded Age, the adoption of Beaux-Arts classicism as the ideal for civic architecture, the invention of the skyscraper, and the beginning of modernism.
600 10 - SUBJECT ADDED ENTRY--PERSONAL NAME
Personal name Shaw, Howard Van Doren,
Dates associated with a name 1869-1926
Form subdivision Biography.
600 10 - SUBJECT ADDED ENTRY--PERSONAL NAME
Personal name Shaw, Howard Van Doren,
Dates associated with a name 1869-1926
General subdivision Criticism and interpretation.
600 10 - SUBJECT ADDED ENTRY--PERSONAL NAME
Personal name Shaw, Howard Van Doren,
Dates associated with a name 1869-1926
Form subdivision Catalogs.
650 #0 - SUBJECT ADDED ENTRY--TOPICAL TERM
Topical term or geographic name as entry element Architecture, Domestic.
650 #0 - SUBJECT ADDED ENTRY--TOPICAL TERM
Topical term or geographic name as entry element Architects
Geographic subdivision United States.
700 12 - ADDED ENTRY--PERSONAL NAME
Personal name Shaw, Frances Wells,
Dates associated with a name 1872-1937.
Title of a work Concerning Howard Shaw in his house.
942 ## - ADDED ENTRY ELEMENTS (KOHA)
Source of classification or shelving scheme
Holdings
Withdrawn status Lost status Source of classification or shelving scheme Damaged status Koha normalized classification for sorting Not for loan Permanent location Current location Date acquired Full call number Barcode Date last seen Price effective from Koha item type
        720_920000000000000_COH   BMS College of Architecture, Design and Planning BMS College of Architecture, Design and Planning 2020-03-12 720.92 COH AR-UG1736 2020-03-12 2020-03-12 UG Books
Copyright © 2025, The Librarian, Library and Information Centre, BMSCA D&P, Bengaluru. All Rights Reserved
web counter

Powered by Koha